Phenyl (iodobromochloromethyl) mercury and phenyl (dibromofluoromethyl)-mercury: Two new highly reactive divalent carbon transfer reagents (Record no. 45514)

MARC details
000 -LEADER
fixed length control field 00456nam a2200133Ia 4500
100 ## - MAIN ENTRY--AUTHOR NAME
Personal name Seyferth Dietmar
245 #0 - TITLE STATEMENT
Title Phenyl (iodobromochloromethyl) mercury and phenyl (dibromofluoromethyl)-mercury: Two new highly reactive divalent carbon transfer reagents
260 ## - PUBLICATION, DISTRIBUTION, ETC. (IMPRINT)
Name of publisher Journal of Organometallic Chemistry
Year of publication 1971
300 ## - PHYSICAL DESCRIPTION
Number of Pages 3-Jan
700 ## - ADDED ENTRY--PERSONAL NAME
Personal name Hass Carol K
700 ## - ADDED ENTRY--PERSONAL NAME
Personal name Hopper Steven P
942 ## - ADDED ENTRY ELEMENTS (KOHA)
Koha item type Reprints
Holdings
Withdrawn status Lost status Damaged status Not for loan Home library Current library Shelving location Date acquired Serial Enumeration / chronology Accession Number Koha item type
      Reprints RRII Library RRII Library Rubber chemistry 22/12/2021 Volume 33, Issue P0849 Reprints